[Event "KEN-ch"]
[Site "Nairobi"]
[Date "2022.12.29"]
[Round "7"]
[White "Michuki, Francis"]
[Black "Walela, Austin"]
[Result "1-0"]
[WhiteElo "1656"]
[BlackElo "1876"]
[PlyCount "65"]
[EventDate "2022.12.26"]
[EventType "swiss"]
[EventRounds "9"]
[EventCountry "KEN"]
[SourceTitle "EXT 2024"]
[Source "ChessBase"]
[SourceDate "2023.10.10"]
[SourceVersion "1"]
[SourceVersionDate "2023.10.10"]
[SourceQuality "1"]

1. c4 c6 2. Nc3 d5 3. d4 Nf6 4. g3 dxc4 5. Bg2 e5 6. dxe5 Qxd1+ 7. Nxd1 Nd5 8. Be3 Bb4+ 9. Kf1 Na6 10. f4 0-0 11. Be4 f6 12. exf6 Rxf6 13. Kg2 Nb6 14. Nf3 Be6 15. Ng5 h6 16. Nxe6 Rxe6 17. Bf3 Bd6 18. Nf2 Kh7 19. Rhd1 Nc5 20. f5 Rf6 21. Ng4 Be7 22. Nxf6+ Bxf6 23. Rab1 Nba4 24. Rd6 Kg8 25. Bh5 Kf8 26. Bg4 Ke8 27. Bh5+ Ke7 28. Re6+ Kd7 29. Bxc5 Nxc5 30. e4 Bd4 31. Rg6 Rd8 32. Rd1 Kc7 33. Bf3 1-0